Разработка неразрушающего метода контроля структурных и механических характеристик строительных материалов, основанного на явлении механоэлектрических преобразований

Bibliographic Details
Main Author: Фурса Т. В. Татьяна Викторовна
Corporate Author: Томский политехнический университет (ТПУ)
Other Authors: Осипов К. Ю. Константин Юрьевич
Summary:Деп. в ВИНИТИ 25.03.08, № 245-В2008
В фонде НТБ ТПУ отсутствует
Language:Russian
Published: Томск, 2008
Subjects:
Format: Book
KOHA link:https://koha.lib.tpu.ru/cgi-bin/koha/opac-detail.pl?biblionumber=601040

MARC

LEADER 00000nam0a2200000 4500
001 601040
005 20231101132132.0
029 4 0 |a RU  |b 245-В2008  |f ВИНИТИ 
035 |a (RuTPU)RU\TPU\tpu\25698 
035 |a RU\TPU\tpu\25201 
090 |a 601040 
100 |a 20140919j20080325k y0rusy50 ca 
101 0 |a rus 
102 |a RU 
105 |a y z 000zy 
200 1 |a Разработка неразрушающего метода контроля структурных и механических характеристик строительных материалов, основанного на явлении механоэлектрических преобразований  |f Т. В. Фурса, К. Ю. Осипов  |g Томский политехнический университет (ТПУ) 
210 |a Томск  |d 2008 
215 |a 115 с.  |c ил. 
300 |a Деп. в ВИНИТИ 25.03.08, № 245-В2008 
320 |a Библиогр.: 113 назв. 
333 |a В фонде НТБ ТПУ отсутствует 
610 1 |a труды учёных ТПУ 
610 1 |a депонированные рукописи 
700 1 |a Фурса  |b Т. В.  |c специалист в области неразрушающего контроля  |c ведущий научный сотрудник Томского политехнического университета, доктор технических наук  |f 1951-  |g Татьяна Викторовна  |2 stltpush  |3 (RuTPU)RU\TPU\pers\27723 
701 1 |a Осипов  |b К. Ю.  |c специалист в области электротехники  |c инженер Томского политехнического университета, кандидат технических наук  |f 1979-  |g Константин Юрьевич  |2 stltpush  |3 (RuTPU)RU\TPU\pers\28192 
712 0 2 |a Томский политехнический университет (ТПУ)  |c (1991-2009)  |2 stltpush  |3 (RuTPU)RU\TPU\col\376 
801 1 |a RU  |b 63413507  |c 20120220 
801 2 |a RU  |b 63413507  |c 20140919  |g RCR 
942 |c BK